Statistics for 25 Famous Swiss Places

Click here to take the quiz!

General Stats

  • This quiz has been taken 63 times
  • The average score is 16 of 25

Answer Stats

DescriptionAntwort% Correct
The most populous city. FIFA headquartersZürich
100%
Federal city of Switzerland; centre of the political lifeBern
100%
Biggest francophone city. Its most famous attraction is a large fountainGeneva
98%
The unofficial capital of Central Switzerland. Its historic bridge got partially destroyed in a 1993 fireLucerne
91%
Birthplace of mathematician Leonhard Euler. Host of the first Zionist CongressBasel
84%
City 7 km south of ^, hosts a famous Jazz Festival and has a statue of Freddie MercuryMontreux
80%
Ski town located on the foot of the Matterhorn in the canton of ValaisZermatt
78%
City whose name means "between the lakes" in Latin. Known as the Swiss adventure capitalInterlaken
78%
Biggest city in the Italian-speaking part (Ticino). Located on the shores of a lake with the same name (visible in the thumbnail)Lugano
78%
Fourth-biggest city. Supreme Court location. Only Swiss city with a subway.Lausanne
78%
Biggest city in eastern Switzerland. Has a famous abbey cathedral and a beautiful librarySt. Gallen
73%
Host of the World Economic Forum. Its hockey club has won the most titles in SwitzerlandDavos
71%
Satellite city near Zürich with more than 100,000 inhabitants. Nicknamed WintiWinterthur
69%
Bilingual "Watch City". Home of Swatch and production center of RolexBiel / Bienne
60%
Town close to the Rhine Falls, Europe's biggest waterfall, headquarters of the SIG GroupNeuhausen
58%
Capital of Ticino. Home of the Federal Criminal Court and three UNESCO-heritage declared castlesBellinzona
58%
City on the Swiss Riviera, Nestlé headquarters and final home of Charlie ChaplinVevey
55%
Smallest cantonal capital of Switzerland. Women weren't eligible to vote until 1990Appenzell
53%
11th biggest city and Gate to the Bernese Oberland. Biggest military center of SwitzerlandThun
53%
City with a Baroque old town, located on the southern foot of the Jura. Its lucky number is the 11Solothurn
44%
Biggest city in the Neuchâtelois Jura which has adopted a road pattern similar to Manhattan's. Architect Le Corbusier and car maker Chevrolet were born here.La Chaux-
de-Fonds
38%
Capital of Switzerland's richest canton. Headquarters of Glencore and Nord Stream pipelineZug
38%
Town in Schwyz known for its 11th century monastery. Visited by pilgrims on St. James' WayEinsiedeln
29%
Southernmost city of Switzerland in the Sottoceneri, about 5 km north of Como, ItalyChiasso
29%
Town and eponymous steep and iconic valley near Jungfraujoch. Inspiration for Tolkien's RivendellLauterbrunnen
27%

Score Distribution

Percentile by Number Answered

Percent of People with Each Score

Your Score History

You have not taken this quiz